000 00394 a2200169 4500
001 61699
020 _a9788537712153
040 _cAnchieta - Pituba
100 _aGuedes, Luiz Roberto
240 1 0 _aViajantes do trem-fantasma
_lpor
245 1 0 _aViajantes do trem-fantasma
300 _a84
362 0 _a2009
440 1 _aEscala Educacional
650 4 _aLiteratura juvenil
942 _cBK
999 _c61699
_d61699